| 000 | 00990nam a2200205Ia 4500 | ||
|---|---|---|---|
| 003 | Ost | ||
| 005 | 20260507075647.0 | ||
| 008 | 260507s9999||||xx |||||||||||||| ||und|| | ||
| 040 | _cfsecg | ||
| 041 | _aara | ||
| 082 | _a330.15 | ||
| 100 |
_aحسن، سهير محمد السيد _eمؤلف |
||
| 245 | 0 |
_aالإقتصاد التحليلي / _c سهير محمد السيد حسن |
|
| 260 |
_aالإسكندرية: _bمؤسسة شباب الجامعة, _c2000 |
||
| 300 |
_a536 صفحة؛ _bإيضاحات ؛ _c24 سم |
||
| 520 | _aسلوك المستهلك- دالة الطلب الفردي- سلوك المنتج- دوال التكاليف- دالة العرض- توازن السوق- التحليل الإقتصادي الكلي- التوازن الكلي- تحقيق التوازن الإقتصادي الكلي- المداخل الاساسية للحسابات القومية. | ||
| 653 | _aالإقتصاد | ||
| 653 | _aالإقتصاد التحليلي | ||
| 942 | _cكتاب | ||
| 999 |
_c45516 _d45516 |
||